Đánh giá tính đa dạng di truyền của giống chó Phú Quốc - Việt Nam bằng kỹ thuật PCR trên DNA ty thể : Luận văn Thạc sĩ chuyên ngành Công nghệ sinh học

Đề tài nghiên cứu về tính di truyền của nhóm chó Phú Quốc cho thấy dẽ liệu phân tử nghiên cứu phát sinh loài này cho chúng ta triển vọng mới nghiên cứu sự đa dạng của gen ở cộng đồng chủng loài chó Phú Quốc -Việt Nam và phả hệ giữa các...

Full description

Saved in:
Bibliographic Details
Main Author: Trương, Thị Hồng Nga
Format: Book
Language:Undetermined
Published: Cần Thơ Trường Đại học Cần Thơ 2011
Subjects:
Tags: Add Tag
No Tags, Be the first to tag this record!
Institutions: Trung tâm Học liệu Trường Đại học Cần Thơ
LEADER 01508nam a2200217Ia 4500
001 CTU_171089
008 210402s9999 xx 000 0 und d
082 |a 636.71 
082 |b Ng100 
088 |a 60420201 
100 |a Trương, Thị Hồng Nga 
245 0 |a Đánh giá tính đa dạng di truyền của giống chó Phú Quốc - Việt Nam bằng kỹ thuật PCR trên DNA ty thể : 
245 0 |b Luận văn Thạc sĩ chuyên ngành Công nghệ sinh học 
245 0 |c Trương Thị Hồng Nga ; Trần Nhân Dũng ( Hướng dẫn khoa học ) 
260 |a Cần Thơ 
260 |b Trường Đại học Cần Thơ 
260 |c 2011 
520 |a Đề tài nghiên cứu về tính di truyền của nhóm chó Phú Quốc cho thấy dẽ liệu phân tử nghiên cứu phát sinh loài này cho chúng ta triển vọng mới nghiên cứu sự đa dạng của gen ở cộng đồng chủng loài chó Phú Quốc -Việt Nam và phả hệ giữa các giống chó. Từ đó, cung cấp cho chúng ta nhiều thông tin có giá trị để tuyển chọn ra chó Phú Quốc có đặc tính di truyền tốt nhất phục vụ cho công tác thuần giống bảo tồn nguồn gen quí 
650 |a Nuôi chó,Dog breeds 
904 |i Tuyền, Hải 
980 |a Trung tâm Học liệu Trường Đại học Cần Thơ